Grundgesetz fur doe Bundesrepublik Deutschland (Record no. 870)

MARC details
000 -LEADER
fixed length control field 00422nam a22001577a 4500
005 - DATE AND TIME OF INPUT
control field 20231123072230.0
008 - DATA ELEMENTS--GENERAL INFORMATION
fixed length control field 231123b |||||||| |||| 00| 0 eng d
041 ## - LANGUAGE CODE
Language code of text Deutsch
082 ## - SHELF NUMBER
DDC number 342 GRU
100 ## - MAIN AUTHOR
Language of a work Deutsch
245 ## - TITLE STATEMENT
Title Grundgesetz fur doe Bundesrepublik Deutschland
260 ## - PUBLICATION, DISTRIBUTION, ETC.
Date of publication, distribution, etc. 1991
300 ## - PHYSICAL DESCRIPTION
Other physical details 96 pages ;
Dimensions 17,5 cm.
650 ## - SUBJECT`
Broad subject Legal practice
Own subject terms Law
942 ## - ADDED ENTRY ELEMENTS (KOHA)
Item type Books
942 ## - ADDED ENTRY ELEMENTS (KOHA)
-- ALISON_BN_VRIES
Holdings
Source of classification or shelving scheme Not for loan Collection code Home library Current library Shelving location Date acquired Full call number Barcode Price effective from Koha item type
Dewey Decimal Classification   TEXT BOOKS LAW SOCIETY OF NAMIBIA LIBRARY - WINDHOEK LAW SOCIETY OF NAMIBIA LIBRARY - WINDHOEK Constitutional and administrative law 11/23/2023 342 GRU LSN/1994/1 11/23/2023 Books